000 00215nam a22000857a 4500
008 170616b xxu||||| |||| 00| 0 eng d
100 _93452
_aMadan. H. C
245 _aOnce in a village
260 _aNew Delhi
_bN. B. T
_c2009
999 _c6826
_d6826